[Event "TCh-RUS Women 2017"]
[Site "Sochi RUS"]
[Date "2017.05.08"]
[Round "7.1"]
[White "Gutkovich,Polina"]
[Black "Pogonina,N"]
[Result "0-1"]
[WhiteElo "1961"]
[BlackElo "2479"]

1.e4 e5 2.Nf3 Nc6 3.Bb5 a6 4.Bxc6 dxc6 5.O-O f6 6.d4 exd4 7.Nxd4 c5 8.Nb3 Qxd1
9.Rxd1 Bg4 10.f3 Be6 11.Be3 c4 12.Nd4 O-O-O 13.Nc3 Bf7 14.a4 g6 15.Nde2 Bd6
16.Nd5 Bxd5 17.Rxd5 Ne7 18.Rd2 f5 19.Rad1 fxe4 20.fxe4 Nc6 21.Nc3 Rde8 22.Rf2
Rhf8 23.Rdf1 Nb4 24.b3 Rxf2 25.Rxf2 Be5 26.Nb1 Rd8 27.Nd2 c3 28.Nf3 Rd1+
29.Rf1 Rxf1+ 30.Kxf1 Nxc2 31.Bg5 Bg7 32.e5 Kd7 33.Ke2 Nb4 34.Be3 c2 35.Kd2 Ke6
36.Nd4+ Kxe5 37.Nxc2 Nxc2 38.Kxc2 Ke4 39.Bf2 Bd4 40.Be1 Be5 41.h3 Ke3 42.Kd1
Kd3 43.Bd2 b5 44.axb5 axb5 45.g4 c5 46.h4 Bd4 47.h5 Be3 {#R} 0-1

[Event "TCh-RUS Women 2017"]
[Site "Sochi RUS"]
[Date "2017.05.08"]
[Round "7.1"]
[White "Makarova,Darya"]
[Black "Nechaeva,Marina"]
[Result "0-1"]
[WhiteElo "1827"]
[BlackElo "2409"]

1.d4 d5 2.Nf3 Nf6 3.e3 c5 4.dxc5 e6 5.a3 Bxc5 6.b4 Be7 7.Bb2 O-O 8.c4 a5 9.c5
b6 10.Qc1 axb4 11.axb4 Rxa1 12.Bxa1 bxc5 13.Bxf6 Bxf6 14.Qxc5 Be7 15.Qc2 Na6
16.Be2 Nxb4 17.Qb3 Ba6 18.Bxa6 Nxa6 19.O-O Nc5 20.Qc2 Ne4 21.Nbd2 Nxd2 22.Qxd2
Bf6 23.Rb1 Qc7 24.h3 g6 25.Nd4 Rc8 26.Qb4 Be5 27.g4 Qd8 28.Qd2 Qf6 29.f4 Bxd4
30.exd4 Rc4 31.Rd1 Qh4 32.Kg2 Qe7 33.Qe3 Qb4 34.Rd2 Rc3 35.Rd3 Rc2+ 36.Kg3 Qc4
37.f5 Qc7+ 38.Qe5 Qxe5+ 39.dxe5 gxf5 40.gxf5 Re2 41.fxe6 fxe6 42.Kf4 Re4+
43.Kg5 Kg7 44.Rg3 Rxe5+ 45.Kf4+ Kf6 {#R} 0-1

[Event "TCh-RUS Women 2017"]
[Site "Sochi RUS"]
[Date "2017.05.08"]
[Round "7.1"]
[White "Kovanova,B"]
[Black "Kalashnikova,El"]
[Result "1-0"]
[WhiteElo "2363"]
[BlackElo "1720"]

1.d4 d5 2.c4 e6 3.Nc3 c6 4.Nf3 Nf6 5.e3 Nbd7 6.Qc2 b6 7.Bd3 Bb7 8.O-O Bd6 9.e4
dxe4 10.Nxe4 Nxe4 11.Bxe4 Qc7 12.Be3 Nf6 13.c5 Be7 14.Bd3 O-O 15.Bg5 h6 16.Bh4
Rfd8 17.Bg3 Qc8 18.Rfd1 Nd5 19.a3 Ba6 20.Bh7+ Kh8 21.Be4 Kg8 22.Ne5 Bf6
23.Rac1 b5 24.Qb3 Bb7 25.Qf3 Rf8 26.h4 Qd8 27.Bb1 Be7 28.Re1 Nf6 29.Qd3 Qe8
30.h5 g6 31.hxg6 fxg6 32.Nxg6 Rf7 33.Rxe6 Bc8 34.Nxe7+ Rxe7 35.Rxf6 Rg7
36.Ba2+ Kh8 37.Rxh6+ {#r} 1-0

[Event "TCh-RUS Women 2017"]
[Site "Sochi RUS"]
[Date "2017.05.08"]
[Round "7.2"]
[White "Nebolsina,V"]
[Black "Ovod,E"]
[Result "0-1"]
[WhiteElo "2284"]
[BlackElo "2380"]

1.Nf3 Nf6 2.g3 d5 3.Bg2 c6 4.O-O Bg4 5.h3 Bh5 6.d3 Nbd7 7.c4 dxc4 8.dxc4 e5
9.Nh4 Qc7 10.Be3 a5 11.Nc3 Bc5 12.Qc1 O-O 13.Rd1 Rfe8 14.g4 Bg6 15.Nxg6 hxg6
16.g5 Bxe3 17.fxe3 Nh7 18.Ne4 f5 19.gxf6 gxf6 20.c5 Re7 21.Qc4+ Kg7 22.h4 f5
23.Nd6 Nhf6 24.e4 f4 25.Bf3 Rh8 26.Kf2 Rxh4 27.Rg1 Rh2+ 28.Ke1 Kh7 29.Nf7 Nf8
30.Ng5+ Kg7 31.Rd1 b5 32.Qc3 Ne6 33.Nxe6+ Rxe6 34.Kd2 Rh8 35.Kc1 Rd8 36.Bg2
Ree8 37.Rd3 Rxd3 38.exd3 b4 39.Qc4 Qd7 40.Qa6 Qd4 41.Qb7+ Nd7 42.Rh1 Qxc5+
43.Kb1 Qd6 44.Ka1 a4 45.Rc1 c5 46.Bh3 Re7 47.Qb5 a3 48.Rg1 Qd4 49.Rg2 f3 {#R}
0-1

[Event "TCh-RUS Women 2017"]
[Site "Sochi RUS"]
[Date "2017.05.08"]
[Round "7.2"]
[White "Styazhkina,A"]
[Black "Belova,O"]
[Result "1-0"]
[WhiteElo "2250"]
[BlackElo "2050"]

1.e4 e5 2.Nf3 Nc6 3.Bb5 Nf6 4.d3 d6 5.c3 Bd7 6.Bg5 h6 7.Bh4 Be7 8.Nbd2 Nh7
9.Bxe7 Qxe7 10.O-O O-O 11.d4 Nxd4 12.cxd4 Bxb5 13.Re1 c5 14.Qb3 Ba6 15.dxe5
dxe5 16.Qc3 Rfe8 17.Qa5 Rac8 18.Rac1 Qd8 19.Rxc5 Ng5 20.Rxe5 Rxe5 21.Qxe5 Rc2
22.h4 Ne6 23.Nb3 Qb6 24.Re3 f6 25.Qf5 Rxb2 26.e5 Nc5 27.exf6 Nxb3 28.f7+ {#r}
1-0

[Event "TCh-RUS Women 2017"]
[Site "Sochi RUS"]
[Date "2017.05.08"]
[Round "7.2"]
[White "Tukaeva,Adelya"]
[Black "Chernyak,Viktoria"]
[Result "0-1"]
[WhiteElo "2004"]
[BlackElo "2254"]

1.e4 e6 2.d4 d5 3.Nd2 c5 4.exd5 Qxd5 5.Ngf3 cxd4 6.Bc4 Qd6 7.O-O Nf6 8.Nb3 Nc6
9.Nfxd4 Be7 10.Nxc6 Qxc6 11.Qe2 a6 12.a4 O-O 13.Nd4 Qc7 14.Bd3 b6 15.Bg5 Bb7
16.c3 Rfe8 17.f4 Bd5 18.Nf3 Qb7 19.Bxf6 Bxf6 20.Ne5 Red8 21.Rf2 Ra7 22.Rd1 g6
23.Ng4 Bg7 24.f5 exf5 25.Bxf5 Raa8 26.Bc2 Be6 27.Rdf1 Qc7 28.Ne3 a5 29.Bd3 Be5
30.g3 Bd6 31.Kh1 Qc6+ 32.Ng2 Qxa4 33.Bb5 Qg4 34.Qxg4 Bxg4 35.Rxf7 Be6 36.R7f6
Bb3 37.c4 a4 38.Bc6 Rac8 39.Bd5+ Kh8 40.Ne3 Bc5 41.Ng4 Rxd5 42.cxd5 Bxd5+ {#R}
0-1

[Event "TCh-RUS Women 2017"]
[Site "Sochi RUS"]
[Date "2017.05.08"]
[Round "7.3"]
[White "Sazonova,A"]
[Black "Solozhenkina,Elizaveta"]
[Result "1-0"]
[WhiteElo "2191"]
[BlackElo "2234"]

1.d4 Nf6 2.Nf3 g6 3.Nbd2 Bg7 4.e4 d6 5.Bd3 O-O 6.O-O Nbd7 7.c3 e5 8.Re1 Re8
9.Bc2 b6 10.a4 a6 11.dxe5 Nxe5 12.Nxe5 dxe5 13.Nc4 Bb7 14.Qe2 h6 15.b3 Qe7
16.Ba3 Qe6 17.Rad1 Rad8 18.f3 Nh5 19.g3 Qc6 20.Kg2 Bc8 21.Rxd8 Rxd8 22.Rd1
Rxd1 23.Qxd1 Qd7 24.Qxd7 Bxd7 25.a5 b5 26.Nb2 Nf6 27.Nd3 Ne8 28.Be7 f6 29.Nc5
Bc8 30.b4 Nd6 31.Bb3+ Nc4 32.Bxc4+ bxc4 33.b5 axb5 34.a6 Bxa6 35.Nxa6 Kf7
36.Bb4 {#r} 1-0

[Event "TCh-RUS Women 2017"]
[Site "Sochi RUS"]
[Date "2017.05.08"]
[Round "7.3"]
[White "Goltseva,Ekaterina"]
[Black "Nasybullina,Alfia"]
[Result "1-0"]
[WhiteElo "2205"]
[BlackElo "2162"]

1.d4 d5 2.c4 c6 3.Nf3 Nf6 4.e3 e6 5.b3 Bb4+ 6.Nbd2 Nbd7 7.Bb2 O-O 8.Bd3 b6
9.O-O Bb7 10.e4 dxe4 11.Nxe4 Nxe4 12.Bxe4 Nf6 13.Bd3 Be7 14.Qc2 c5 15.dxc5
Bxf3 16.gxf3 Bxc5 17.Kh1 Qe7 18.Rg1 Rad8 19.Bxh7+ Kh8 20.Rxg7 Kxg7 21.Rg1+ Kh8
22.Qc1 Rg8 23.Bxg8 {#r} 1-0

[Event "TCh-RUS Women 2017"]
[Site "Sochi RUS"]
[Date "2017.05.08"]
[Round "7.4"]
[White "Kashlinskaya,A"]
[Black "Ubiennykh,E"]
[Result "1-0"]
[WhiteElo "2427"]
[BlackElo "2307"]

1.d4 d5 2.c4 e6 3.Nc3 c6 4.e4 dxe4 5.Nxe4 Bb4+ 6.Bd2 Qxd4 7.Bxb4 Qxe4+ 8.Be2
Na6 9.Bd6 Qxg2 10.Qd2 Nf6 11.Bf3 Qg6 12.Ne2 e5 13.Rg1 Bg4 14.h3 O-O-O 15.O-O-O
Bxf3 16.Rxg6 hxg6 17.Qe3 Rxh3 18.Qxa7 Rxd6 19.Rxd6 Kc7 20.Rd2 Ne4 21.Qe3 Bg2
22.Ng3 f5 23.Rd1 Nac5 24.Qa3 f4 25.Qa8 Ne6 26.Qa5+ Kc8 27.Nxe4 Bxe4 28.Qxe5
Bf5 29.Rd6 Rh1+ 30.Kd2 Nc7 31.Qxg7 Ne8 32.Qg8 Kc7 33.Rd4 Nd6 34.Qg7+ {#r} 1-0

[Event "Nakhchivan Open 2017"]
[Site "Nakhchivan AZE"]
[Date "2017.05.08"]
[Round "6.3"]
[White "Maiorov,N1"]
[Black "Volkov,Sergey1"]
[Result "0-1"]
[WhiteElo "2527"]
[BlackElo "2617"]

1.d4 d5 2.c4 c6 3.Nc3 Nf6 4.e3 a6 5.Bd3 dxc4 6.Bxc4 e6 7.Nf3 c5 8.O-O b5 9.Be2
Nbd7 10.d5 exd5 11.Nxd5 Bb7 12.Nxf6+ Qxf6 13.a4 b4 14.Ra2 O-O-O 15.b3 Ne5
16.Rd2 Bd6 17.Bb2 Nxf3+ 18.Bxf3 Bxf3 19.Bxf6 Bxd1 20.Bxd8 Bxb3 21.Bh4 Kc7
22.a5 Kc6 23.Rc1 c4 24.f3 c3 25.Rd3 Bc4 26.Rd4 Be6 27.Be1 Bc5 28.Rd3 Rb8 {#R}
0-1

[Event "Nakhchivan Open 2017"]
[Site "Nakhchivan AZE"]
[Date "2017.05.08"]
[Round "6.8"]
[White "Rzayev,B"]
[Black "Beradze,I"]
[Result "0-1"]
[WhiteElo "2398"]
[BlackElo "2472"]

1.e4 c5 2.Nf3 d6 3.d4 cxd4 4.Nxd4 Nf6 5.Nc3 g6 6.g3 Bg7 7.Bg2 O-O 8.O-O Nc6
9.Nde2 Bd7 10.h3 Qc8 11.Kh2 Rd8 12.Be3 Ne5 13.b3 Nfg4+ 14.hxg4 Nxg4+ 15.Kh1
Nxe3 16.fxe3 Bxc3 17.Nxc3 Qxc3 18.Qd5 Be6 19.Qxb7 Re8 20.Rac1 Qxe3 21.Kh2 Qh6+
22.Kg1 Qg5 23.Kh2 Qh5+ 24.Kg1 Qc5+ 25.Kh2 a5 26.a4 Rab8 27.Qa6 Rec8 28.Qe2 Qe5
29.Rcd1 Rc3 30.Rd3 Rbc8 31.Rxc3 Rxc3 32.Bf3 h5 33.Qf2 h4 34.Rg1 Qf6 35.Rf1 Bg4
36.Bxg4 Qxf2+ 37.Rxf2 hxg3+ 38.Kg2 gxf2 39.Bd1 Kg7 40.Kxf2 Kf6 41.Ke2 Ke5
42.Kd2 Kd4 43.Be2 g5 {#R} 0-1

[Event "Nakhchivan Open 2017"]
[Site "Nakhchivan AZE"]
[Date "2017.05.08"]
[Round "6.12"]
[White "Mammadov,Z"]
[Black "Agayev,N"]
[Result "0-1"]
[WhiteElo "2421"]
[BlackElo "2347"]

1.e4 c5 2.c3 Qa5 3.Nf3 Nc6 4.Na3 e6 5.e5 d5 6.exd6 Bxd6 7.Nc4 Qc7 8.d4 Nf6
9.Be3 cxd4 10.Nxd4 Nxd4 11.Qxd4 Be7 12.Bf4 Qc5 13.Nd6+ Bxd6 14.Qxd6 Qxd6
15.Bxd6 Bd7 16.f3 Bc6 17.c4 O-O-O 18.O-O-O Rd7 19.Be2 Rhd8 20.Be5 Ne8 21.Rxd7
Rxd7 22.b4 b6 23.Kc2 f6 24.Bg3 Nd6 25.Bd3 g6 26.Re1 e5 27.Kc3 b5 28.c5 Nf5
29.Bf2 Ne7 30.Bf1 Kb7 31.Kc2 a6 32.a3 Bd5 33.Bd3 Bc6 34.Be3 Nf5 35.Bc1 Nd4+
36.Kc3 Ne6 37.h4 Rd4 38.h5 gxh5 39.Bxh7 a5 40.Bd2 axb4+ 41.axb4 Nc7 42.Re2 h4
43.Bf5 Bd5 44.f4 Rc4+ 45.Kb2 e4 46.Be1 Na6 47.Ka3 Nxc5 48.Bxh4 Nd3 49.Bxf6 Rc6
{#R} 0-1

[Event "Lviv Rapid Cup 2017"]
[Site "Lviv UKR"]
[Date "2017.05.08"]
[Round "1.1"]
[White "Bondar,W"]
[Black "Onischuk,V"]
[Result "0-1"]
[WhiteElo "2037"]
[BlackElo "2608"]

1.d4 d6 2.Nf3 g6 3.b4 Bg7 4.a4 e5 5.c3 a5 6.b5 Nd7 7.e3 Ngf6 8.Be2 O-O 9.O-O
b6 10.Bb2 Bb7 11.Nbd2 Re8 12.Qb3 Qe7 13.Rfd1 Rad8 14.Rac1 e4 15.Ne1 h5 16.c4
h4 17.h3 Nh7 18.d5 Nc5 19.Qc2 Bxb2 20.Qxb2 Nxa4 21.Qc2 Nc5 22.Nb3 Ng5 23.Nd4
f5 24.Qc3 Nf7 25.Bf1 Ne5 26.Nec2 Bc8 27.Rb1 Qf6 28.Qa1 Bd7 29.Nb3 Nxb3 30.Rxb3
Re7 31.Nd4 Rf8 32.Ne2 g5 33.Qb1 Rg7 34.Nd4 g4 35.hxg4 Nxg4 36.Ne6 Bxe6 37.dxe6
Qe5 38.g3 hxg3 39.fxg3 Qxg3+ 40.Bg2 Qf2+ {#R} 0-1

[Event "Lviv Rapid Cup 2017"]
[Site "Lviv UKR"]
[Date "2017.05.08"]
[Round "1.3"]
[White "Kurilo,Vladislav"]
[Black "Bernadskiy,V"]
[Result "0-1"]
[WhiteElo "2120"]
[BlackElo "2529"]

1.e4 c6 2.d4 d5 3.e5 c5 4.dxc5 Nc6 5.a3 Nxe5 6.b4 g6 7.Bb2 Bg7 8.Qc1 Bf6 9.Nd2
b6 10.Bb5+ Kf8 11.Nb3 Kg7 12.Ne2 a5 13.O-O a4 14.Nbd4 bxc5 15.bxc5 Qc7 16.f4
Nc4 17.Bxc4 dxc4 18.c6 Nh6 19.Bc3 Rd8 20.Qe3 Bg4 21.Qe4 Rd6 22.Bb4 Rdd8 23.c3
Nf5 24.Kh1 Ra6 25.Rac1 e6 26.Bc5 Rd5 27.Bb4 Bxe2 28.Nxe2 Qxc6 29.g4 Ne3 30.Rg1
Nxg4 31.Rcf1 Rh5 {#R} 0-1

[Event "Lviv Rapid Cup 2017"]
[Site "Lviv UKR"]
[Date "2017.05.08"]
[Round "1.5"]
[White "Kyrychenko,Maryan"]
[Black "Zubov,A UKR"]
[Result "0-1"]
[WhiteElo "2095"]
[BlackElo "2604"]

1.d4 Nf6 2.c4 g6 3.Nc3 Bg7 4.e4 O-O 5.Bd3 d6 6.Nge2 Nc6 7.O-O e5 8.d5 Nd4
9.Bg5 h6 10.Bh4 c5 11.a3 Bd7 12.b4 b6 13.b5 Qc7 14.a4 Nh7 15.Nxd4 cxd4 16.Ne2
f5 17.f3 f4 18.a5 g5 19.Be1 g4 20.axb6 axb6 21.Rxa8 Rxa8 22.Kh1 gxf3 23.Rxf3
Bg4 24.Rf1 Ng5 25.Qd2 f3 26.Ng1 fxg2+ 27.Qxg2 Qd7 28.Bd2 Ra2 29.Be2 Rxd2
30.Bxg4 Rxg2 31.Bxd7 Rc2 32.Bf5 Rxc4 33.h4 Nh7 34.Be6+ Kh8 35.Ne2 d3 36.Ng3 d2
37.Bg4 Bf6 38.Kg2 Bxh4 39.Nf5 Rxe4 40.Nxh6 Rd4 41.Nf7+ Kg7 42.Bd1 Rxd5 43.Nd8
{#R} 0-1

[Event "Lviv Rapid Cup 2017"]
[Site "Lviv UKR"]
[Date "2017.05.08"]
[Round "1.7"]
[White "Senchichin,J"]
[Black "Kravtsiv,M"]
[Result "0-1"]
[WhiteElo "2125"]
[BlackElo "2653"]

1.c4 e6 2.Nc3 d5 3.g3 d4 4.Ne4 f5 5.Bg2 fxe4 6.Bxe4 Nf6 7.Bg2 e5 8.d3 Nc6
9.Nf3 Bd6 10.a3 a5 11.O-O O-O 12.h3 Qe7 13.e4 Nd8 14.Bd2 a4 15.b4 axb3 16.Qxb3
Kh8 17.a4 b6 18.a5 bxa5 19.Bxa5 Nb7 20.Bd2 Nc5 21.Qc2 Rxa1 22.Rxa1 Bd7 23.Ra7
Qe8 24.Ba5 Qb8 25.Bxc7 Bxc7 {#R} 0-1

[Event "Lviv Rapid Cup 2017"]
[Site "Lviv UKR"]
[Date "2017.05.08"]
[Round "1.9"]
[White "Lagashin,P"]
[Black "Kuzubov,Y"]
[Result "0-1"]
[WhiteElo "2117"]
[BlackElo "2637"]

1.d4 Nf6 2.c4 e6 3.Nc3 Bb4 4.Qc2 O-O 5.Nf3 d5 6.a3 Bxc3+ 7.Qxc3 dxc4 8.Qxc4 b6
9.Bg5 Ba6 10.Qc2 Nbd7 11.e4 Bxf1 12.Kxf1 Qc8 13.Kg1 c5 14.dxc5 Qxc5 15.Qxc5
Nxc5 16.Bxf6 gxf6 17.e5 f5 18.g3 Rfd8 19.Kg2 Rd3 20.Rhd1 Rad8 21.Rxd3 Rxd3
22.Rc1 a5 23.Rc4 Rb3 24.Rc2 Nd3 25.Rc3 Rxc3 26.bxc3 Kf8 27.Kf1 Ke7 28.Ke2 Nb2
29.Nd2 Kd7 30.f3 Kc6 31.Ke3 Kd5 32.f4 Nc4+ 33.Nxc4 Kxc4 34.Kd2 Kb3 35.Kd3 Kxa3
{#R} 0-1

[Event "Lviv Rapid Cup 2017"]
[Site "Lviv UKR"]
[Date "2017.05.08"]
[Round "1.11"]
[White "Mintenko,H"]
[Black "Sivuk,V"]
[Result "0-1"]
[WhiteElo "1921"]
[BlackElo "2520"]

1.d4 Nf6 2.Bf4 g6 3.e3 Bg7 4.Be2 O-O 5.Nf3 d6 6.h3 c5 7.c3 Qb6 8.Qb3 Be6
9.dxc5 dxc5 10.Qxb6 axb6 11.a3 Nc6 12.Nbd2 Nd5 13.Bh2 Nxc3 14.bxc3 Bxc3 15.Rc1
Rxa3 16.O-O Bxd2 17.Nxd2 Ra2 18.Rfd1 Rd8 19.Nc4 Rxd1+ 20.Rxd1 Rxe2 21.Nxb6 Rb2
22.Na8 c4 23.Rc1 c3 24.g4 c2 25.Kg2 Nb4 {#R} 0-1

[Event "Lviv Rapid Cup 2017"]
[Site "Lviv UKR"]
[Date "2017.05.08"]
[Round "1.12"]
[White "Vovk,Y"]
[Black "Smolkin,A"]
[Result "1-0"]
[WhiteElo "2600"]
[BlackElo "1991"]

1.d4 Nf6 2.c4 g6 3.Nc3 Bg7 4.e4 d6 5.Nf3 O-O 6.Be2 Nc6 7.O-O e5 8.d5 Ne7 9.Nd2
Nd7 10.b4 a5 11.Ba3 b6 12.bxa5 Rxa5 13.Bb4 Ra8 14.a4 f5 15.a5 Nc5 16.axb6 Rxa1
17.Qxa1 cxb6 18.Na4 fxe4 19.Nxc5 bxc5 20.Ba5 Qd7 21.Nxe4 Nf5 22.Bg4 Ba6 23.Qa2
Rb8 24.Bd2 Rb6 25.Rb1 Rxb1+ 26.Qxb1 Bxc4 27.Qb8+ Bf8 28.Nf6+ {#r} 1-0

[Event "Lviv Rapid Cup 2017"]
[Site "Lviv UKR"]
[Date "2017.05.08"]
[Round "2.1"]
[White "Onischuk,V"]
[Black "Perelygin,Igor"]
[Result "1-0"]
[WhiteElo "2608"]
[BlackElo "2318"]

1.e4 c5 2.Nf3 e6 3.b3 d5 4.exd5 Qxd5 5.Bb2 Nf6 6.Nc3 Qd8 7.d4 cxd4 8.Qxd4 Qxd4
9.Nxd4 a6 10.O-O-O Bb4 11.h3 O-O 12.g4 h6 13.Bg2 e5 14.Nde2 Nc6 15.Nd5 Nxd5
16.Bxd5 Re8 17.Ng3 Be6 18.Bxe6 Rxe6 19.Rd7 b5 20.Rhd1 Bc5 21.Ne4 Bd4 22.c3 Bb6
23.Ba3 b4 24.Bxb4 Nxb4 25.cxb4 Rc8+ 26.Kb1 Bd4 27.Rc1 Rxc1+ 28.Kxc1 Rc6+
29.Kd2 Rb6 30.Ra7 g6 31.Kd3 f5 32.gxf5 gxf5 33.Ng3 Rf6 34.Ra8+ Kf7 35.Ke2 e4
36.a4 Bc3 37.b5 axb5 38.axb5 Rb6 39.Nxf5 Rxb5 40.Nd6+ {#r} 1-0

[Event "Lviv Rapid Cup 2017"]
[Site "Lviv UKR"]
[Date "2017.05.08"]
[Round "2.3"]
[White "Bernadskiy,V"]
[Black "Boricsev,O"]
[Result "1-0"]
[WhiteElo "2529"]
[BlackElo "2340"]

1.c4 c5 2.Nf3 e6 3.d4 d5 4.cxd5 exd5 5.g3 Nc6 6.Bg2 Nf6 7.O-O Be7 8.dxc5 Bxc5
9.a3 O-O 10.b4 Be7 11.Nc3 Bf5 12.Bb2 a6 13.Rc1 Re8 14.Nd4 Bg6 15.Na4 Ne5
16.Ne6 fxe6 17.Bxe5 Nd7 18.Bc7 Qc8 19.e4 b5 20.Bf4 Qd8 21.Nc3 e5 22.Bd2 d4
23.Nd5 Nb6 24.Nc7 Ra7 25.Nxe8 Qxe8 26.f4 Nc4 27.fxe5 Nxe5 28.Bf4 Bf6 29.Kh1
Rd7 30.Rc5 h6 31.a4 bxa4 32.Qxa4 Nd3 33.Qb3+ {#r} 1-0

[Event "Lviv Rapid Cup 2017"]
[Site "Lviv UKR"]
[Date "2017.05.08"]
[Round "2.4"]
[White "Roshka,Yevgeniy"]
[Black "Bogdanovich,S"]
[Result "0-1"]
[WhiteElo "2192"]
[BlackElo "2596"]

1.e4 c5 2.Nf3 Nc6 3.d3 g6 4.g3 Bg7 5.Bg2 e6 6.O-O Nge7 7.Re1 O-O 8.e5 d6
9.exd6 Nf5 10.Nc3 Nxd6 11.Be3 Nd4 12.Ne4 Nxe4 13.dxe4 Nxf3+ 14.Qxf3 Bxb2
15.Rab1 Bd4 16.Red1 Qa5 17.Bxd4 cxd4 18.Rxd4 Qxa2 19.Rbd1 e5 20.R4d2 Be6
21.Qc3 Rac8 22.Qxe5 Rxc2 23.Rd8 Rc8 24.Rxf8+ Rxf8 25.f4 Rc8 26.h4 Qe2 27.Rd6
Bh3 {#R} 0-1

[Event "Lviv Rapid Cup 2017"]
[Site "Lviv UKR"]
[Date "2017.05.08"]
[Round "2.5"]
[White "Zubov,A UKR"]
[Black "Huda,Mary"]
[Result "1-0"]
[WhiteElo "2604"]
[BlackElo "2161"]

1.d4 Nf6 2.c4 e6 3.Nf3 b6 4.e3 Bb7 5.Bd3 d5 6.cxd5 exd5 7.O-O Bd6 8.b3 Qe7
9.a4 Nc6 10.Ba3 Nb4 11.a5 O-O 12.Nc3 a6 13.Na4 Nd7 14.Bf5 bxa5 15.Qb1 g6
16.Bxd7 Qxd7 17.Rc1 f6 18.Nc5 Qb5 19.Rc3 Bc8 20.Nh4 Kg7 21.Qd1 Qe8 22.Bb2 g5
23.Nf3 Qh5 24.h3 Nc6 25.e4 Bxc5 26.Rxc5 dxe4 27.Nxg5 Qxd1+ 28.Rxd1 Bd7 29.d5
Ne5 30.Bxe5 fxe5 31.Rxc7 Kg6 32.Nxe4 Bf5 33.Rc6+ Kg7 34.Nc5 Rfd8 35.g4 Bc8
36.d6 Rb8 37.d7 Bxd7 38.Rc7 {#r} 1-0

[Event "Lviv Rapid Cup 2017"]
[Site "Lviv UKR"]
[Date "2017.05.08"]
[Round "2.6"]
[White "Aliferenko,A"]
[Black "Fedorov,Alex"]
[Result "0-1"]
[WhiteElo "2218"]
[BlackElo "2598"]

1.Nf3 Nf6 2.c4 g6 3.b3 Bg7 4.Bb2 O-O 5.g3 d6 6.d4 c5 7.Bg2 Nc6 8.O-O cxd4
9.Nxd4 Bd7 10.Nd2 Qa5 11.N2f3 Rab8 12.Qd2 Qxd2 13.Nxd2 a6 14.Rfc1 Rfc8 15.e3
Ne5 16.Rc2 Nd3 17.Ba3 Ng4 18.Nf1 b5 19.Rd1 bxc4 20.bxc4 Ngxf2 21.Rdd2 Ba4
22.Rc3 e5 23.Nb3 e4 24.Nd4 d5 25.Rxf2 Nxf2 26.Kxf2 Rxc4 27.Rxc4 dxc4 28.Bxe4
c3 29.Bc2 Bxc2 30.Nxc2 Bf8 31.Bxf8 Rb2 32.Bb4 Rxc2+ 33.Ke1 Rc1+ 34.Ke2 c2
35.Nd2 {#R} 0-1

[Event "Lviv Rapid Cup 2017"]
[Site "Lviv UKR"]
[Date "2017.05.08"]
[Round "2.8"]
[White "Baloha,M"]
[Black "Azarov,S"]
[Result "0-1"]
[WhiteElo "2173"]
[BlackElo "2582"]

1.e4 c5 2.Nf3 Nc6 3.Bb5 e6 4.O-O Nge7 5.d4 cxd4 6.Nxd4 Ng6 7.Nc3 Qc7 8.Re1 Bd6
9.Bf1 Bxh2+ 10.Kh1 Nxd4 11.Qxd4 Be5 12.Nb5 Qd8 13.Qe3 Qh4+ 14.Qh3 Qxh3+
15.gxh3 a6 16.Na3 b5 17.c4 b4 18.Nc2 Rb8 19.Bg2 a5 20.Rb1 O-O 21.Rf1 Nf4
22.Ne1 Nxg2 23.Nxg2 Ba6 24.Ne3 d5 25.exd5 exd5 26.cxd5 Bxf1 27.Nxf1 Rfd8
28.Ne3 Kf8 29.Bd2 Rbc8 30.b3 Bf4 31.Rd1 Rc5 32.Kg2 g6 33.Kf3 Bxe3 34.Bxe3
Rcxd5 35.Re1 Kg7 36.Rc1 h6 37.Rc7 R8d7 38.Rc8 g5 39.Bc1 Kg6 40.Rc6+ R7d6
41.Rc7 Rd3+ 42.Kg2 Rc3 {#R} 0-1

[Event "Lviv Rapid Cup 2017"]
[Site "Lviv UKR"]
[Date "2017.05.08"]
[Round "2.11"]
[White "Kryvoruchko,Vita"]
[Black "Vovk,Y"]
[Result "0-1"]
[WhiteElo "2166"]
[BlackElo "2600"]

1.e4 c5 2.Nf3 d6 3.d4 cxd4 4.Nxd4 Nf6 5.Nc3 a6 6.Be3 e5 7.Nb3 Be7 8.f3 O-O
9.Qd2 Be6 10.Nd5 Nxd5 11.exd5 Bf5 12.c4 a5 13.Rc1 Nd7 14.Be2 b6 15.O-O Nc5
16.Na1 Bg6 17.b3 f5 18.Nc2 f4 19.Bf2 Bh4 20.Bxc5 bxc5 21.Bd3 Be8 22.Na3 Bd7
23.Nb5 Rf6 24.a4 Rh6 25.Rfd1 Qg5 26.Be4 Qh5 27.Kf1 Qg5 28.Nc7 Rb8 29.Ne6 Qh5
30.Qxa5 Bd8 31.Nxd8 Qxh2 32.Nb7 Qg3 33.Qc7 Rxb7 34.Qxb7 Rh2 35.Ke2 Qxg2+
36.Kd3 Qe2+ 37.Kc3 Qb2+ 38.Kd3 Qd4# 0-1

[Event "Lviv Rapid Cup 2017"]
[Site "Lviv UKR"]
[Date "2017.05.08"]
[Round "2.12"]
[White "Sergeev,Vl"]
[Black "Trokhimishin,Sergiy"]
[Result "1-0"]
[WhiteElo "2444"]
[BlackElo "2160"]

1.d4 d5 2.Bf4 Nf6 3.e3 c5 4.c3 Nc6 5.Nd2 Bf5 6.Qb3 Qb6 7.dxc5 Qxb3 8.axb3 e5
9.Bg3 Bxc5 10.b4 Bd6 11.Ngf3 Nd7 12.Nh4 Be6 13.e4 Ne7 14.exd5 Nxd5 15.Nc4 Bc7
16.Bd3 g6 17.Nf3 f6 18.O-O Kf7 19.Rfe1 g5 20.Nfd2 Nf4 21.Bxf4 gxf4 22.Be4 Nb6
23.Na5 Rad8 24.Nf3 Bb8 25.Nxb7 Rc8 26.Nc5 Bg4 27.h3 Bh5 28.b3 Bg6 29.c4 f5
30.Bb7 Rce8 31.Bc6 Re7 32.Na6 e4 33.Nxb8 Rxb8 34.Nd4 e3 35.Nb5 Nc8 36.Bd5+ Kf6
37.Kf1 Bh5 38.Ra2 Be8 39.Ra6+ Kg5 40.Bc6 Bf7 41.Bf3 Be8 42.Nc3 Rxb4 43.Nd5
Reb7 44.Nxb4 Rxb4 45.fxe3 Rxb3 46.exf4+ Kxf4 47.Rxe8 {#r} 1-0

[Event "Lviv Rapid Cup 2017"]
[Site "Lviv UKR"]
[Date "2017.05.08"]
[Round "3.2"]
[White "Mikhaletz,L"]
[Black "Bernadskiy,V"]
[Result "0-1"]
[WhiteElo "2406"]
[BlackElo "2529"]

1.d4 Nf6 2.Bg5 Ne4 3.Bh4 c5 4.f3 g5 5.fxe4 gxh4 6.Nf3 cxd4 7.Qxd4 Rg8 8.e5 Nc6
9.Qe4 Qb6 10.Nbd2 Qxb2 11.Rb1 Qxa2 12.e3 Qe6 13.Bc4 Qg6 14.Qxh4 Bh6 15.Bd3 Qg7
16.Qe4 Qg4 17.Qxg4 Rxg4 18.Kf2 Bg7 19.Nc4 b5 20.Rxb5 Ba6 21.Rc5 Bxc4 22.Bxc4
Nxe5 23.Bd5 Rb8 24.Rb1 Rd8 25.h3 Rg6 26.Be4 Re6 27.Bf5 Rc6 28.Rxc6 Nxc6 29.Rb7
a5 30.Bxh7 a4 31.Be4 Ra8 32.Bd5 a3 33.Ba2 Bc3 34.Ng5 f5 35.Bf7+ Kd8 36.Ba2 Nb4
37.Bb3 a2 38.Bxa2 Rxa2 39.h4 Rxc2+ 40.Kf3 Nd3 41.e4 Ne1+ 42.Ke3 Bd2+ 43.Kd4
Bxg5 44.hxg5 Rxg2 45.exf5 Nf3+ 46.Kd5 Rd2+ 47.Ke4 Nxg5+ 48.Kf4 Nh7 49.Rb8+ Kc7
{#R} 0-1

[Event "Lviv Rapid Cup 2017"]
[Site "Lviv UKR"]
[Date "2017.05.08"]
[Round "3.3"]
[White "Bogdanovich,S"]
[Black "Kislinsky,A"]
[Result "1-0"]
[WhiteElo "2596"]
[BlackElo "2484"]

1.Nf3 g6 2.g3 Bg7 3.Bg2 e5 4.O-O d6 5.e4 Ne7 6.d4 exd4 7.Nxd4 Nbc6 8.Be3 O-O
9.Nc3 Ne5 10.Qe2 Ng4 11.Rad1 Nxe3 12.Qxe3 Bg4 13.Rd2 Qc8 14.Qg5 Re8 15.f4 h6
16.Qb5 Bd7 17.Qc4 a6 18.f5 b5 19.Qd3 b4 20.Nce2 c5 21.f6 cxd4 22.Qxd4 Bf8
23.fxe7 Bxe7 24.e5 Bg5 25.Bxa8 Qxa8 26.Nf4 Bb5 27.Re1 dxe5 28.Rxe5 Rd8 29.Qe3
Rxd2 30.Qxd2 Qf3 31.Qf2 Qc6 32.Nd5 Kg7 33.Qd4 Kh7 34.h4 Bd8 35.Qf2 Kg7 36.Qd4
Kh7 37.c3 bxc3 38.bxc3 Bc4 39.Qe4 Kg7 40.Nb4 Bb6+ 41.Kh2 Qd6 42.Nd5 Qc5
43.Nxb6 Qf2+ 44.Qg2 Qxb6 45.Qd2 Qf6 46.Re4 Qf1 47.Qd4+ Kh7 48.Qxc4 Qf2+ 49.Kh3
Qg1 50.Qxf7+ {#r} 1-0

[Event "Lviv Rapid Cup 2017"]
[Site "Lviv UKR"]
[Date "2017.05.08"]
[Round "3.4"]
[White "Matviishen,Viktor"]
[Black "Zubov,A UKR"]
[Result "1-0"]
[WhiteElo "2398"]
[BlackElo "2604"]

1.d4 Nf6 2.c4 g6 3.Nc3 Bg7 4.e4 O-O 5.Bd3 d6 6.Nge2 Nc6 7.O-O e5 8.d5 Nd4
9.Nxd4 exd4 10.Ne2 Nd7 11.Ng3 Qh4 12.f4 a5 13.b3 Nc5 14.Bb2 a4 15.Bc2 axb3
16.axb3 Rxa1 17.Qxa1 Bh6 18.Bxd4 Bxf4 19.e5 Re8 20.exd6 cxd6 21.Re1 Rxe1+
22.Qxe1 Qd8 23.Qf2 Bh6 24.b4 Nd7 25.Ne4 Bf8 26.c5 dxc5 27.bxc5 f5 28.d6 h6
29.Bb3+ Kh7 30.Bg8+ {#r} 1-0

[Event "Lviv Rapid Cup 2017"]
[Site "Lviv UKR"]
[Date "2017.05.08"]
[Round "3.6"]
[White "Vetoshko,V"]
[Black "Kravtsiv,M"]
[Result "0-1"]
[WhiteElo "2498"]
[BlackElo "2653"]

1.e4 e5 2.Nf3 Nc6 3.Bb5 a6 4.Ba4 Nf6 5.O-O Be7 6.Re1 b5 7.Bb3 d6 8.c3 O-O 9.h3
Bb7 10.d4 Nd7 11.Nbd2 exd4 12.cxd4 Bf6 13.Nf1 Na5 14.Bc2 Re8 15.Ng3 g6 16.Bh6
Nc4 17.b3 Na3 18.Bd3 c5 19.Qc1 b4 20.Bf4 Nf8 21.Bxd6 Qxd6 22.e5 Qd7 23.exf6
Rxe1+ 24.Nxe1 Qxd4 25.Qh6 Qxf6 26.Rc1 Re8 27.Bf1 Nd7 28.Nd3 Qd4 29.Qg5 f6
30.Qh6 a5 31.Nf4 Qd2 32.Rc4 Re1 33.Kh2 Qxf2 34.Nd3 Qe3 35.Rf4 Rxf1 36.Nxf1
Qxd3 37.Rh4 Nf8 38.Qc1 Qd6+ {#R} 0-1